000 00296nam a22001337a 4500
008 170718b xxu||||| |||| 00| 0 eng d
020 _a9780521631440
041 _aeng
080 _a2
100 _a24
101 _aTEO
245 _aCAN A DARWINIAN BE A CHRISTIAN?
_cRUSE, M
942 _2udc
_cBK
999 _c21490
_d21490